000 00644nam a2200229Ia 4500
005 20250409162904.0
008 008 250409s9999 xx 000 0 eng d
020 _a9780803959538
037 _aTextbook
040 _aLCT
_beng
_cLCT
041 _aeng
_2eng
084 _qLCT
100 _aHuff, C. Ronald
_9752103
245 0 _aConvicted But Inncocent: Wrongful conviction and Public Policy
_cby C. Ronald Huff, Arye Rattner, Edward Sagarin
250 _a1st ed.
260 _aNew Delhi
_bSage Publication
_c1996
300 _axxiii, 180p.
365 _aINR
650 _aLaw
942 _cTB
999 _c1308829
_d1308829